Ferns of Malaysia in colour

Bibliographic Details
Main Authors: Piggott, A. G. (Author), Piggott, C. J. (Author)
Format: Book
Published: Kuala Lumpur Tropical Press c1988
Subjects:

MARC

LEADER 00000cam a2200000 7i4500
001 0000007433
008 021119n
020 |a 9677300296 
090 0 0 |a QK529.M3  |b P5 1988 
100 0 |a Piggott, A. G.  |e author 
245 0 0 |a Ferns of Malaysia in colour   |c by A. G. Piggott   |f photographs by C. J. Piggott 
260 2 |a Kuala Lumpur   |b Tropical Press  |c c1988 
300 |a xi, 458 p. ;  |c 27 cm. 
650 0 |a Ferns  |z Malaysia 
650 0 |a Filicales  |z Malaysia 
700 0 |a Piggott, C. J.  |e author 
999 |a 1000051945  |b Book  |c Reference  |e Tembila Campus